Fractional Calculus and its Applications in Physics (Record no. 21497)
[ view plain ]
| 000 -LEADER | |
|---|---|
| fixed length control field | 00778nam a2200133Ia 4500 |
| 008 - FIXED-LENGTH DATA ELEMENTS--GENERAL INFORMATION | |
| fixed length control field | 220620s9999||||xx |||||||||||||| ||und|| |
| 020 ## - INTERNATIONAL STANDARD BOOK NUMBER | |
| International Standard Book Number | 9782890000000 |
| 245 #0 - TITLE STATEMENT | |
| Title | Fractional Calculus and its Applications in Physics |
| 546 ## - LANGUAGE NOTE | |
| Language note | English[eng] |
| 650 ## - SUBJECT ADDED ENTRY--TOPICAL TERM | |
| Topical term or geographic name entry element | Fractional derivative||fractional Newell-Whitehead-Segel equation||fractional advection-dispersion equation||fractional Laguerre differential equation||Mittag-Leffler function||sinc-fractional derivative||tempered fractionaldifferential equation||Lévy flight||Marichev-Saigo-Maeda fractional operator||scale-dependent fractional operator |
| 700 ## - ADDED ENTRY--PERSONAL NAME | |
| Personal name | Baleanu, Dumitru||Kumar, Devendra |
| 856 ## - ELECTRONIC LOCATION AND ACCESS | |
| Uniform Resource Identifier | <a href="https://www.frontiersin.org/research-topics/7124/fractional-calculus-and-its-applications-in-physics">https://www.frontiersin.org/research-topics/7124/fractional-calculus-and-its-applications-in-physics</a> |
| 942 ## - ADDED ENTRY ELEMENTS (KOHA) | |
| Koha item type | E-Books |
| Withdrawn status | Lost status | Damaged status | Not for loan | Home library | Current library | Date acquired | Total Checkouts | Date last seen | Price effective from | Koha item type |
|---|---|---|---|---|---|---|---|---|---|---|
| Kerala University of Digital Sciences, Innovation and Technology Knowledge Centre | Kerala University of Digital Sciences, Innovation and Technology Knowledge Centre | 20/06/2022 | 20/06/2022 | 20/06/2022 | E-Books |